| 000 | 00861 a2200205 4500 | ||
|---|---|---|---|
| 001 | 27094 | ||
| 005 | 20260407155548.0 | ||
| 008 | 260407a1975 arg spa d | ||
| 003 | AR-UNSa-BCEJYS | ||
| 040 |
_aAR-UNSa-BCEJYS _bspa _cAR-UNSa-BCEJYS |
||
| 080 |
_a347.736 _xQuiebra. Insolvencia. Suspensión de pagos. Bancarrota, procedimientos. Derecho Concursal |
||
| 245 | 1 | 0 |
_aLos privilegiosen el proceso concursal _pactualizado con la ley de contrato de trabajo |
| 264 | 1 |
_aBuenos Aires : _bAstrea _c1975 |
|
| 300 |
_a317 p. _c20 cm. |
||
| 505 | _a1. Introducción - 2. Acreedores del concurso - 3. Acreedores del deudor - 4. Acreedores con privilegio general - 5. Acreedores quirográfarios o comunes - 6. Conclusiones. | ||
| 942 | _cBK | ||
| 590 | _aniveau_biblio:m niveau_hierar:0 | ||
| 100 | 1 | _aAlegría, Héctor | |
| 700 | 1 | _aKemelmajer de Carlucci, Aída | |
| 999 |
_c1542 _d1542 |
||